000 01265nac a22003011u 4500
010 _a 2005027032
020 _a0750678801 (casebound : alk. paper)
020 _a9780750678803
035 _a(OCoLC)ocm61757926
082 0 0 _a621.8672
_bESC
090 _c5775
_d5775
100 _aEscoe, A. Keith.
245 1 0 _aPiping and pipeline assessment guide /
_cA. Keith Escoe.
246 1 4 _aPiping and pipelines assessment guide
260 _aAmsterdam ;
_aBoston :
_bElsevier/Gulf Professional Pub.,2006
_cc2006.
300 _axv, 555 p. :
_bill. ;
_c24 cm.
490 0 _aStationary equipment assessment series ;
_vv. 1
500 _aDistributer: Baccah
504 _aIncludes bibliographical references and index.
511 _aCatalogued by: Mesameh
650 0 _aPiping
_xMaintenance and repair.
650 0 _aPipelines
_xMaintenance and repair.
650 0 _aService life (Engineering)
856 4 1 _3Table of contents
_uhttp://www.loc.gov/catdir/toc/ecip061/2005027032.html
856 4 1 _3Publisher description
_uhttp://www.loc.gov/catdir/enhancements/fy0702/2005027032-d.html
942 _cBB
_k621.8672ESC
999 _c5775
_d5775